Abstract Lie Algebras /
Guardado en:
| Autor principal: | |
|---|---|
| Formato: | Sách giấy |
| Lenguaje: | English |
| Publicado: |
Cambridge, Massachusetts :
The MIT Press ,
1972
|
| Etiquetas: |
Agregar Etiqueta
Sin Etiquetas, Sea el primero en etiquetar este registro!
|
| Thư viện lưu trữ: | Thư viện Trường Đại học Đà Lạt |
|---|
| LEADER | 00569nam a2200241 4500 | ||
|---|---|---|---|
| 001 | DLU020011439 | ||
| 005 | ##1/13/2000 | ||
| 041 | # | # | |a eng |
| 082 | # | # | |a 512.55 |b WI-D |
| 090 | # | # | |a 512.55 |b WI-D |
| 100 | # | # | |a Winter, David J. |
| 245 | # | # | |a Abstract Lie Algebras / |c Winter David J. |
| 260 | # | # | |a Cambridge, Massachusetts : |b The MIT Press , |c 1972 |
| 300 | # | # | |a 142 tr.; |c 23 cm. |
| 992 | # | # | |a 4000 |
| 994 | # | # | |a DLU |
| 900 | # | # | |a False |
| 911 | # | # | |a Administrator |
| 925 | # | # | |a G |
| 926 | # | # | |a A |
| 927 | # | # | |a SH |
| 980 | # | # | |a Thư viện Trường Đại học Đà Lạt |